Jersey or New Jersey? - Statistics

General Stats
  • This quiz has been taken 618 times
  • The average score is 8 of 14
Answer Stats
Question Answer % Correct
The word 'jersey' as a name for a woollen sweater has its origins in this place's knitting trade Jersey
87%
Which one is bigger? New Jersey
87%
The successful Broadway musical Jersey Boys is about a group of singers from this place New Jersey
85%
The source of the Jersey dairy cattle breed Jersey
81%
Is the home of the Campbell's Soup Company New Jersey
81%
Was the childhood home of food writer Anthony Bourdain New Jersey
62%
Towns include Barnegat, Belleplain, and Allamuchy Township New Jersey
60%
Where a zoo that specialises in endangered species was founded by Gerald Durrell Jersey
55%
The most commonly spoken languages after English are Polish and Portuguese Jersey
43%
Has a flag featuring two goddesses New Jersey
38%
Nuclear power is a significant source of energy both
26%
Has a lieutenant governor both
21%
Was first settled by peoples with a matrilineal clan system New Jersey
21%
Was sold by France to England in 1702 neither
11%
No matching quizzes found
Score Distribution
Percent of People with Each Score
Percentile by Number Answered
Your Score History
You have not taken this quiz